00714nam a2200217Ia 4500003000900000008004100009020001800050040001600068080001900084100002500103245013300128260003200261300001000293650002000303650002200323650001600345700001900361942000700380999001700387952009200404IN-BaIIA211028s9999 xx 000 0 eng d a0-393-04642-7 cIIA Library a[8]:01:00bWHE aWheeler, J. A919956 0aGeons, black holes and quantum foamba life in physicscJ. A. Wheeler and K. Ford  aNew YorkbW. W Nortonc1998 a380p. aBiography91224 aBlack holes97728 aPhysics973 aFord, K924047 cBK c13686d13686 00104070aBANbBANcGENd0000-00-00l0o92:53/ WHEp14605r2021-11-05w0000-00-00yBK